Traditionsgemeinschaft ehemaliger Lehrer und Schüler

Titel: Traditionsgemeinschaft ehemaliger Lehrer und Schüler
Verfasser:
In: Erfahrung und Zeugnis der Deutschen aus Polen, (1987), Seite 82-85
alle Artikel anzeigen
Veröffentlicht: 1987
Format: Aufsatz
Sprache: Deutsch
Kein Bild verfügbar
X
alg: 39163637
001A    $01999:11-11-16 
001B    $01999:15-05-21 $t21:01:07.000 
001D    $01999:11-11-16 
001U    $0utf8 
001X    $00 
002@    $0Aox 
003@    $0391636375 
007A    $0391636375 $aHEB 
007T    $0Herd78587 
010@    $ager 
011@    $a1987 
021A    $aTraditionsgemeinschaft ehemaliger Lehrer und Schüler 
028A    $aAugustin $dKarl Heinz 
031A    $h82-85 $j1987 
037A    $aBetr. das Lodzer Deutsche Gymnasium 
039B    $aIn $8--Aauc--. Erfahrung und Zeugnis der Deutschen aus Polen. - Berlin {[u.a.] : Westkreuz-Verl., 1987. - 171 S.. - zahlr. Ill.. - ISBN 3-922131-54-9 $x198700000000000918 $9007404484 
045F    $a307.09438 $eDDC23BSB 
045F/01 $a307.09 
045F/03 $g438 

lok: 39163637 78

exp: 39163637 78 1 #EPN
201B/01 $012-12-17 $t11:19:34.000 
201U/01 $0utf8 
203@/01 $0787730858 
208@/01 $a11-11-16 $be 
209A/01 $a/ $f000 $x00 
220C/01 $aTitelaufnehmer: cs 
244Z/01 $2Trx $#Poola $#Lenkija $#Polija $#Polen Land $#Poland $#Lengyelország $#Poľsko $#Polsko $8--Trx--Polska$gkraj $x01 $9391345966 
244Z/01 $#Lodz $#Lodz $#Litzmannstadt $#Lodsch $74074299-4 $8--Tg1--Łódź $x02 $9085209155 
244Z/01 $aGeschichte 1900-1986 $x03 
244Z/01 $2Trx $#gümnaasiumid $#gimnazijos $#High schools Gymnasia $#gimnáziumok $#gimnazja $#gymnázia $#gymnázia $#Oberschulen $8--Trx--Gymnasien $x04 $9391356852 
244Z/01 $2Trx $#õpetajad $#mokytojai $#teachers $#tanárok $#nauczyciele $#učitelia $#učitelé $8--Trx--Lehrer $x05 $9391382780 
244Z/01 $2Trx $#õpilased $#mokiniai $#pupils $#tanulók $#uczniowie $#žiaci $#žáci $8--Trx--Schüler $x06 $9391369571 
244Z/01 $2Trx $#ajalooühingud $#istorikų draugijos $#Historical associations $#történelmi szervezetek $#towarzystwa historyczne $#spolky historické $#spolky historické $8--Trx--Geschichtsvereine $x07 $9391363190 
244Z/01 $2Trx $8--Trx--Einzelbeiträge $x08 $9391384570 
245Z/01 $a13.03 $x01 
245Z/01 $a11.14 $x02 
247C/01 $82080>Marburg/Lahn, Herder-Institut, Forschungsbibliothek, Bibliographieportal $9336309341
LEADER 00000caa a22000002c 4500
001 391636375
003 DE-603
005 20210515210107.0
007 tu
008 161111s1987 xx |||| | u00||u|ger c
035 |a (DE-599)HEB391636375 
040 |a DE-603  |b ger  |c DE-603  |d DE-603 
041 |a ger 
082 0 4 |8 1\u  |a 307.09438  |q DE-101  |2 23/BSB 
085 |8 1\u  |b 307.09 
085 |8 1\u  |z 2  |s 438 
100 1 |a Augustin, Karl Heinz 
245 0 0 |a Traditionsgemeinschaft ehemaliger Lehrer und Schüler 
264 0 |c 1987 
500 |a Betr. das Lodzer Deutsche Gymnasium 
773 0 8 |i In  |t Erfahrung und Zeugnis der Deutschen aus Polen  |d Berlin ˜[u.a.] œ: Westkreuz-Verl., 1987  |h 171 S., zahlr. Ill.  |z 3922131549  |g (1987), Seite 82-85  |w (DE-603)007404484 
924 0 |9 2080  |a (DE-603)787730858  |b DE-2080  |c HES  |d d  |g /